000 00569nam a2200205Ia 4500
005 20250508165158.0
008 008 250505s9999 xx 000 0 eng d
037 _aTextual
040 _aFEDL
_beng
_cFEDL
041 _aeng
_2eng
084 _a001.6424, JES
_qFEDL
100 _aJesia Avan and others
_9780075
245 0 _aVijay Mukhi's FoxPro 2.0 Power play
260 _aNew Delhi, India
_bBPB Publications
_c1992
300 _a478 p.
365 _aINR
_b90
546 _aMACESE
942 _cTEXL
_h001.6424, JES
999 _c1393614
_d1393614